000 00602nam a2200229Ia 4500
003 OSt
005 20220924121425.0
006 a|||||r|||| 00| 0
007 ta
008 220923b |||||||| |||| 00| 0 snd d
024 _a268636
037 _cTextual
040 _aARTS
_cARTS
_bsnd
041 _2snd
_asnd
082 _aO1593:g, K4
100 _aBadwi Lutfullah
_9185796
245 0 _aSindhi Chhohan kitab
260 _aHyderabad
_bSindhi Adbi Bord India
_c1966
300 _a176p.
_ccm.
942 _hO1593:g, K4
_cTEXL
_2CC
999 _c407426
_d407426